Κουμαντάρειος Πινακοθήκη Σπάρτη = The Coumantaros Art Gallery Sparta
Saved in:
| Corporate Author: | |
|---|---|
| Format: | Book |
| Language: | Greek |
| Published: |
Σπάρτη :
Κουμαντάρειος Πινακοθήκη,
1982.
|
| Subjects: | |
| Tags: |
Add Tag
No Tags, Be the first to tag this record!
|
MARC
| LEADER | 00000cam a2200000 i 4500 | ||
|---|---|---|---|
| 001 | 1/105645 | ||
| 008 | 950623s1982####gr | | | |||| ||gre|| | ||
| 035 | |l 10013754 | ||
| 040 | |a GR-MY-UA |b gre |e aacr | ||
| 041 | 0 | |a gre | |
| 082 | 0 | |a 759 | |
| 110 | 2 | |a Εθνική Πινακοθήκη - Μουσείο Αλεξάνδρου Σούτζου. | |
| 245 | 1 | 0 | |a Κουμαντάρειος Πινακοθήκη Σπάρτη = |b The Coumantaros Art Gallery Sparta / |c Εθνική Πινακοθήκη, Μουσείο Αλέξανδρου Σούτζου ; Κείμενα καταλόγου Αγγέλα Ταμβάκη ; Επιμέλεια Ολγα Μεντζαφού, Εθνική Πινακοθήκη. |
| 246 | 1 | |i Παράλληλος τίτλος: |a The Coumantaros Art Gallery Sparta | |
| 260 | |a Σπάρτη : |b Κουμαντάρειος Πινακοθήκη, |c 1982. | ||
| 300 | |a 75 σ. | ||
| 610 | 1 | 0 | |a Κουμαντάρειος Πινακοθήκη Σπάρτης. |
| 650 | 0 | 0 | |a Art museums |z Greece |z Sparta. |
| 650 | 0 | 0 | |a Art, European |x History. |
| 852 | |a INST |b LESVOS |e 19950623 |h 759 KOY |p 005100008536 |q 005100008536 |t BK |y 0 | ||
| 909 | |a Λ |b 022949 | ||
| 920 | |y Λέσβος |z 1992-03 | ||